000 01988cad a2200325aa 4500
001 L158178
008 090813s2014 xxk f 000 0 eng d
020 _a9781783210442
035 _a(Sirsi) u158178
041 0 _aeng
050 0 4 _a346.410432 $2 18
110 2 _aRoyal Institution of Chartered Surveyors
_94900
245 0 0 _aBoundaries
_bProcedures for boundary identification, demarcation and dispute resolution
_c[old edition]
250 _a3rd,
_breplaced by 4th edition
260 _aLondon
_bRICS
_c2014
350 _a20
490 0 _aRICS Guidance Note
505 2 _aRICS guidance notes -- Introduction -- Stage 1, setting up the project -- Stage 2, research -- Stage 3, the site visit, measured survey and digital photography -- Stage 4, the report -- Stage 5, alternative dispute resolution -- Stage 6, litigation -- Stage 7, recording the outcome in the Land Registry -- Appendices
520 _aThe physical extent of property ownership and rights of use are basic attributes of land and buildings and are capable of being evaluated by property professionals. Uncertainty of the extent of ownership and its associated rights affects the physical use and rights to repair, maintain, gain access to and obtain value of the land. Not surprisingly, uncertainty in the limits of ownership and rights of occupation has led to a steady increase in disputed boundaries.
520 _aSupersedes second edition (ISBN 9781842194959).
520 _aSuperseded by fourth edition (ISBN 9781783214082) effective from 1st May 2021
521 _aAdvanced
590 _aKA
650 2 4 _aBOUNDARY DETERMINATION
650 2 4 _aBOUNDARIES
651 4 _aEngland and Wales
_y1543-
690 _aPROPERTY MANAGEMENT
_96262
856 _uhttps://www.isurv.com/downloads/file/6115/archive_boundaries_procedures_for_boundary_identification_demarcation_and_dispute_resolution_3rd_edition_april_2014%E2%80%93april_2021
_zArchived on isurv (subscription required)
942 _n0
_2ddc
999 _c115187
_d115187